Cronología parcial de Contadora correspondiente al período: del 2 de mayo al 6 de julio de 1983
Αποθηκεύτηκε σε:
| Συγγραφή απο Οργανισμό/Αρχή: | |
|---|---|
| Μορφή: | Κείμενο |
| Έκδοση: |
México D.F:
ILET
|
| Ετικέτες: |
Προσθήκη ετικέτας
Δεν υπάρχουν, Καταχωρήστε ετικέτα πρώτοι!
|
MARC
| LEADER | 00000 a a2200000 04500 | ||
|---|---|---|---|
| 001 | 24569 | ||
| 003 | |||
| 040 | |||
| 090 | |a 172300 | ||
| 110 | |a Sección Centroamericana del Instituto Latinoamericano de Estudios Transnacionales | ||
| 245 | |a Cronología parcial de Contadora correspondiente al período: del 2 de mayo al 6 de julio de 1983 | ||
| 260 | |a México D.F: |b ILET | ||
| 300 | |a 30 p. | ||
| 999 | |c 17238 |d 17238 | ||
